<?xml version="1.0" encoding="UTF-8"?>
<record
    xmlns:xsi="http://www.w3.org/2001/XMLSchema-instance"
    xsi:schemaLocation="http://www.loc.gov/MARC21/slim http://www.loc.gov/standards/marcxml/schema/MARC21slim.xsd"
    xmlns="http://www.loc.gov/MARC21/slim">

  <leader>     nam a22     7a 4500</leader>
  <datafield tag="999" ind1=" " ind2=" ">
    <subfield code="c">7150</subfield>
    <subfield code="d">7150</subfield>
  </datafield>
  <controlfield tag="003">OSt</controlfield>
  <controlfield tag="005">20180703133749.0</controlfield>
  <controlfield tag="008">180703e201801  spc |||  |||| 000 0 spa|d</controlfield>
  <datafield tag="017" ind1=" " ind2=" ">
    <subfield code="a">DL B. 25.217-2017</subfield>
    <subfield code="b">Biblioteca de Catalunya</subfield>
  </datafield>
  <datafield tag="020" ind1=" " ind2=" ">
    <subfield code="a">9788499426600</subfield>
  </datafield>
  <datafield tag="040" ind1=" " ind2=" ">
    <subfield code="a">ES-BaUAB</subfield>
    <subfield code="b">cat</subfield>
    <subfield code="c">CDMR</subfield>
  </datafield>
  <datafield tag="100" ind1="1" ind2=" ">
    <subfield code="a">Lobo, Ram&#xF3;n,</subfield>
    <subfield code="d">1955-</subfield>
    <subfield code="e">autor</subfield>
  </datafield>
  <datafield tag="245" ind1="1" ind2="0">
    <subfield code="a">Cuadernos de Kabul </subfield>
    <subfield code="b">: historias de mujeres, hombres y ni&#xF1;os atrapados en una guerra /</subfield>
    <subfield code="c">Ram&#xF3;n Lobo</subfield>
  </datafield>
  <datafield tag="260" ind1=" " ind2=" ">
    <subfield code="a">Barcelona :</subfield>
    <subfield code="b">Pen&#xED;nsula,</subfield>
    <subfield code="c">2018</subfield>
  </datafield>
  <datafield tag="300" ind1=" " ind2=" ">
    <subfield code="a">153 p. ;</subfield>
    <subfield code="c">23 cm</subfield>
  </datafield>
  <datafield tag="500" ind1=" " ind2=" ">
    <subfield code="a">Adaptaci&#xF3; de les cr&#xF2;niques publicades en el web del diari El Pa&#xED;s els mesos d'agost i novembre de 2009</subfield>
  </datafield>
  <datafield tag="650" ind1=" " ind2="7">
    <subfield code="a">Guerra d'Afganistan, 2001-</subfield>
    <subfield code="x">Cobertura period&#xED;stica</subfield>
    <subfield code="2">lemac</subfield>
  </datafield>
  <datafield tag="650" ind1="0" ind2="7">
    <subfield code="a">Corresponsals de guerra</subfield>
    <subfield code="z">Afganistan</subfield>
    <subfield code="2">lemac</subfield>
    <subfield code="9">2560</subfield>
  </datafield>
  <datafield tag="651" ind1=" " ind2="7">
    <subfield code="a">Afganistan</subfield>
    <subfield code="x">Hist&#xF2;ria</subfield>
    <subfield code="y">2001-</subfield>
    <subfield code="x">Aspectes socials</subfield>
    <subfield code="2">lemac</subfield>
  </datafield>
  <datafield tag="942" ind1=" " ind2=" ">
    <subfield code="c">MON</subfield>
  </datafield>
  <datafield tag="952" ind1=" " ind2=" ">
    <subfield code="0">0</subfield>
    <subfield code="1">0</subfield>
    <subfield code="4">0</subfield>
    <subfield code="7">0</subfield>
    <subfield code="a">CDMR</subfield>
    <subfield code="b">CDMR</subfield>
    <subfield code="d">2018-07-03</subfield>
    <subfield code="e">Intercanvi</subfield>
    <subfield code="g">14.95</subfield>
    <subfield code="l">2</subfield>
    <subfield code="m">2</subfield>
    <subfield code="o">Dj 76</subfield>
    <subfield code="p">CDMR18071616</subfield>
    <subfield code="r">2018-09-05</subfield>
    <subfield code="s">2018-07-19</subfield>
    <subfield code="v">14.95</subfield>
    <subfield code="w">2018-07-03</subfield>
    <subfield code="y">MON</subfield>
  </datafield>
</record>
